00489nam a2200157Ia 4500003000900000008004100009020002200050040001600072080001900088100001200107245010400119260004900223300001700272650001700289650002500306IN-BaIIA211028s9999 xx 000 0 eng d a978-0-691-16269-0 cIIA Library a512.54:53bZEE aZee, A. 0aGroup theory in a nutshell for physicistscA. Zee  aNew JerseybPrinceton University Pressc2016 axviii, 613p. aGroup theory aMathematical physics